Factory physics / (Record no. 11167)

MARC details
000 -LEADER
fixed length control field 01391cam a22003494a 4500
001 - CONTROL NUMBER
control field 14975238
005 - DATE AND TIME OF LATEST TRANSACTION
control field 20201128020734.0
008 - FIXED-LENGTH DATA ELEMENTS--GENERAL INFORMATION
fixed length control field 070822s2008 nyua b 001 0 eng
010 ## - LIBRARY OF CONGRESS CONTROL NUMBER
LC control number 2007034866
020 ## - INTERNATIONAL STANDARD BOOK NUMBER
International Standard Book Number 9780071232463 (alk. paper)
020 ## - INTERNATIONAL STANDARD BOOK NUMBER
International Standard Book Number 9780072824032 (alk. paper)
020 ## - INTERNATIONAL STANDARD BOOK NUMBER
International Standard Book Number 0072824034 (alk. paper)
020 ## - INTERNATIONAL STANDARD BOOK NUMBER
International Standard Book Number 9780072824032
020 ## - INTERNATIONAL STANDARD BOOK NUMBER
International Standard Book Number 0072824034
040 ## - CATALOGING SOURCE
Original cataloging agency DLC
Transcribing agency DLC
Modifying agency DLC
050 00 - LIBRARY OF CONGRESS CALL NUMBER
Classification number TS155
Item number .H679 2008
082 00 - DEWEY DECIMAL CLASSIFICATION NUMBER
Classification number 658.5
Edition number 22
Item number HOP
100 1# - MAIN ENTRY--PERSONAL NAME
Personal name Hopp, Wallace J.
9 (RLIN) 3075
245 10 - TITLE STATEMENT
Title Factory physics /
Statement of responsibility, etc Wallace J. Hopp, Mark L. Spearman.
250 ## - EDITION STATEMENT
Edition statement 3rd ed.
Remainder of edition statement McGraw-Hill International Edition.
260 ## - PUBLICATION, DISTRIBUTION, ETC. (IMPRINT)
Place of publication, distribution, etc New York, NY :
Name of publisher, distributor, etc McGraw-Hill/Irwin/Irwin,
Date of publication, distribution, etc c2008.
300 ## - PHYSICAL DESCRIPTION
Extent xxv, 720 p. :
Other physical details ill. ;
Dimensions 26 cm.
440 #0 -
-- The McGraw-Hill/Irwin series Operations and decision sciences
-- 5274
504 ## - BIBLIOGRAPHY, ETC. NOTE
Bibliography, etc Includes bibliographical references and index.
650 #0 - SUBJECT ADDED ENTRY--TOPICAL TERM
Topical term or geographic name as entry element Factory management.
9 (RLIN) 3076
650 #0 - SUBJECT ADDED ENTRY--TOPICAL TERM
Topical term or geographic name as entry element Production management.
9 (RLIN) 3077
700 1# - ADDED ENTRY--PERSONAL NAME
Personal name Spearman, Mark L.
9 (RLIN) 3078
856 41 - ELECTRONIC LOCATION AND ACCESS
Materials specified Table of contents only
Uniform Resource Identifier <a href="http://www.loc.gov/catdir/enhancements/fy0743/2007034866-t.html">http://www.loc.gov/catdir/enhancements/fy0743/2007034866-t.html</a>
856 42 - ELECTRONIC LOCATION AND ACCESS
Materials specified Publisher description
Uniform Resource Identifier <a href="http://www.loc.gov/catdir/enhancements/fy0743/2007034866-d.html">http://www.loc.gov/catdir/enhancements/fy0743/2007034866-d.html</a>
942 ## - ADDED ENTRY ELEMENTS (KOHA)
Source of classification or shelving scheme Dewey Decimal Classification
Item type Book - Borrowing
Holdings
Withdrawn status Item status Source of classification or shelving scheme Damaged status Not for loan Vendor Home library Current library Shelving location Date acquired Source of acquisition Cost, normal purchase price Serial Enumeration / chronology Total Checkouts Full call number Barcode Date last seen Koha item type
    Dewey Decimal Classification     Baccah Central Library Central Library First floor 02/04/2009   198.40 7117   658.5 HOP 000015306 15/07/2025 Book - Borrowing
    Dewey Decimal Classification     Alahram Central Library Central Library First floor 25/05/2009   289.50 351   658.5 HOP 000016444 15/07/2025 Book - Borrowing